Normal view
MARC view
- الاحاديث القدسية
Entry Topical Term
001 - CONTROL NUMBER
- control field: 56554
003 - CONTROL NUMBER IDENTIFIER
- control field: JO-AjAnu
005 - DATE AND TIME OF LATEST TRANSACTION
- control field: 20230606083252.0
008 - FIXED-LENGTH DATA ELEMENTS
- fixed length control field: 230606|| aca||aabn | a|a d
040 ## - CATALOGING SOURCE
- Original cataloging agency: JO-AjAnu
- Transcribing agency: JO-AjAnu
150 ## - HEADING--TOPICAL TERM
- Topical term or geographic name entry element: الاحاديث القدسية
670 ## - SOURCE DATA FOUND
- Source citation: Work cat.: (JO-AjAnu)28857: عناية النص والشرح مدغمش، جمال عبد الغني, author 56553, الأحاديث القدسية